| 000 | 00468nam a22001937a 4500 | ||
|---|---|---|---|
| 003 | MPLRDC | ||
| 005 | 20220104113834.0 | ||
| 008 | 210129b ||||| |||| 00| 0 eng d | ||
| 020 | _a962-451-180-2 | ||
| 082 | _a848.2 SM-19 | ||
| 100 | _a丁松青著; 三毛译 | ||
| 245 |
_a清泉故事 _c |
||
| 250 | _a初版一刷 | ||
| 260 |
_a _b皇冠杂志社 _c1993 |
||
| 300 | _b平 | ||
| 490 | _a皇冠丛书;990 | ||
| 650 | _a现代别集 | ||
| 942 |
_cBK _o848.2 SM-19 |
||
| 999 |
_c2761 _d2751 |
||